[Event "88th Hastings Masters"]
[Site "Hastings ENG"]
[Date "2013.01.03"]
[Round "7.26"]
[White "Hutchinson,N"]
[Black "Furman,Bo"]
[Result "0-1"]
[WhiteElo "2108"]
[BlackElo "2237"]

1.e4 c5 2.c3 Nf6 3.e5 Nd5 4.Nf3 Nc6 5.d4 cxd4 6.cxd4 d6 7.Bc4 Nb6 8.Bb5 dxe5
9.Nxe5 Bd7 10.Nxd7 Qxd7 11.Nc3 a6 12.Bxc6 bxc6 13.O-O g6 14.Re1 Bg7 15.Bg5 e6
16.Ne4 Nd5 17.Nc5 Qd6 18.Rc1 O-O 19.Qd2 Rfb8 20.b3 a5 21.Bh4 Rb4 22.Bg3 Qd8
23.Be5 Bxe5 24.dxe5 Nf4 25.Qxd8+ Rxd8 26.g3 Nd3 27.Red1 Nxc1 28.Rxd8+ Kg7
29.Rd2 Rb5 30.Na4 Rxe5 31.f4 Rd5 32.Rc2 Nd3 33.Rxc6 Nb4 34.Rc5 Rd1+ 35.Kg2 Rd2+
36.Kh3 Rxa2 37.Rxa5 Nc6 38.Re5 Nxe5  0-1

[Event "25th Staufer Open"]
[Site "Schwaebisch Gmuend GER"]
[Date "2013.01.03"]
[Round "4.20"]
[White "Erker,T"]
[Black "Ott,Florian"]
[Result "1/2-1/2"]
[WhiteElo "2119"]
[BlackElo "2032"]

1.e4 c5 2.c3 Nf6 3.e5 Nd5 4.d4 cxd4 5.Nf3 Nc6 6.cxd4 d6 7.Bc4 Nb6 8.Bb5 dxe5
9.Nxe5 Bd7 10.Nxd7 Qxd7 11.Nc3 e6 12.Qg4 h5 13.Qe4 Rc8 14.O-O a6 15.Bxc6 Qxc6
16.Qe5 Nd7 17.Qg5 Nf6 18.Re1 Be7 19.Qg3 h4 20.Qh3 Rd8 21.Be3 Nd5 22.Rac1 Nxc3
23.Rxc3 Qd5 24.Qg4 Kf8 25.a3 h3 26.gxh3 g6 27.Rec1 Kg7 28.Qg2 b5  1/2-1/2

[Event "25th Staufer Open"]
[Site "Schwaebisch Gmuend GER"]
[Date "2013.01.05"]
[Round "7.33"]
[White "Schoenberger,P"]
[Black "Eschle,H"]
[Result "1-0"]
[WhiteElo "2132"]
[BlackElo "1924"]

1.e4 c5 2.c3 Nf6 3.e5 Nd5 4.Nf3 e6 5.d4 cxd4 6.cxd4 Nc6 7.Nc3 Nxc3 8.bxc3 d5
9.Bd3 Be7 10.O-O Bd7 11.Qc2 Rc8 12.Qe2 Na5 13.Bd2 Nc4 14.Be1 Ba3 15.Rb1 b5
16.Nd2 Bc6 17.f4 g6 18.Nf3 Be7 19.g4 h5 20.h3 hxg4 21.hxg4 Kd7 22.Bg3 Rh3
23.Kg2 Rh8 24.Qf2 Qa5 25.Rbc1 Bf8 26.Ng5 Ke7 27.f5 gxf5 28.gxf5 Bh6 29.fxe6 Bxg5
30.Qxf7+ Kd8 31.Qg7 Qxa2+ 32.Rc2 Ne3+ 33.Kg1 Nxc2 34.Qxh8+ Be8 35.Bg6 Rxc3  1-0

[Event "25th Staufer Open"]
[Site "Schwaebisch Gmuend GER"]
[Date "2013.01.05"]
[Round "8.15"]
[White "Oberhofer,A"]
[Black "Hahn,F"]
[Result "1-0"]
[WhiteElo "2287"]
[BlackElo "2037"]

1.e4 c5 2.c3 Nf6 3.e5 Nd5 4.Nf3 e6 5.d4 cxd4 6.cxd4 d6 7.Bc4 Nb6 8.Bd3 dxe5
9.dxe5 N8d7 10.Qe2 Nc5 11.Bc2 Bd7 12.Nc3 Bc6 13.O-O a6 14.Rd1 Qc7 15.Bf4 Be7
16.Nd4 O-O 17.Rac1 Rac8 18.Nxc6 Qxc6 19.b4 Ncd7 20.Qd3 g6 21.Bb3 Bxb4 22.Nd5 Bc5
23.Nxb6 Qxb6 24.Qxd7 Rfd8 25.Qa4 Bxf2+ 26.Kh1 Rxc1 27.Rxc1 Be3 28.Rf1 g5
29.Bg3 h5 30.h3 Kg7 31.Qe4 Qd4 32.Qf3 Rd7 33.Rd1 Bd2 34.Qxh5 Qc3 35.Be1  1-0

[Event "XLII Rilton Cup"]
[Site "Stockholm SWE"]
[Date "2013.01.05"]
[Round "9.23"]
[White "Nielsen,Ro"]
[Black "Dimitrijevic,R"]
[Result "1/2-1/2"]
[WhiteElo "2208"]
[BlackElo "2293"]

1.e4 c5 2.c3 Nf6 3.e5 Nd5 4.d4 cxd4 5.cxd4 Nc6 6.Nf3 d6 7.Bc4 Nb6 8.Bb5 dxe5
9.Nxe5 Bd7 10.Nxd7 Qxd7 11.Be3 Rd8 12.Qb3 e6 13.Nc3 Be7 14.a4 O-O 15.a5 Nd5
16.a6 bxa6 17.Rxa6 Ndb4 18.Bxc6 Nxc6 19.d5 exd5 20.Qxd5 Nb4 21.Qxd7 Rxd7
22.Ra4 Nc2+ 23.Ke2 Nxe3 24.fxe3 Rb8 25.Ra2 Rdb7 26.Rb1 Bf6 27.Nd1 Be5 28.h3 g6
29.Kf3 Kg7 30.Rba1  1/2-1/2

[Event "Australian Open 2013"]
[Site "Cammeray AUS"]
[Date "2013.01.06"]
[Round "5.19"]
[White "Bishop,Joshua"]
[Black "Mallari,Donato"]
[Result "1-0"]
[WhiteElo "1835"]
[BlackElo "1981"]

1.e4 c5 2.c3 Nf6 3.e5 Nd5 4.d4 e6 5.Nf3 cxd4 6.cxd4 Bb4+ 7.Bd2 Qa5 8.Bxb4 Qxb4+
9.Qd2 Nc6 10.a3 Qxd2+ 11.Nbxd2 f5 12.Nc4 g5 13.Nd6+ Ke7 14.h3 h5 15.O-O-O Rg8
16.g4 fxg4 17.hxg4 h4 18.Bc4 Na5 19.Ba2 b5 20.Bxd5 exd5 21.Nxg5 Rxg5 22.Rxh4 Rg8
23.f4 Nc4 24.Nxb5 Rb8 25.Nc3 Rxb2 26.Nxd5+ Kd8 27.Nf6 Rf8 28.Rh7 Rf2 29.f5 Nxa3
30.Rd3 Nb5 31.d5 Re2 32.Nxd7 Bxd7 33.e6 Kc8 34.Rxd7 Rh8 35.Rd2 Rhh2 36.Rxe2 Rxe2
37.f6 Rf2 38.f7 Nc3 39.e7 Na2+ 40.Kd1 Nc3+ 41.Ke1 Re2+ 42.Kf1 Kxd7 43.f8=Q Rxe7
44.Qa8 Ne4 45.Qc6+ Kd8 46.d6 Rf7+ 47.Kg1 Nf6 48.g5 Ne8 49.Qa8+ Kd7 50.Qxa7+ Ke6
51.Qa2+  1-0

[Event "18th Bosnjaci Open"]
[Site "Bosnjaci CRO"]
[Date "2013.01.09"]
[Round "9.29"]
[White "Babic,A"]
[Black "Saric,Luka2"]
[Result "0-1"]
[WhiteElo "2066"]
[BlackElo "1818"]

1.e4 c5 2.c3 Nf6 3.e5 Nd5 4.d4 cxd4 5.cxd4 d6 6.Bc4 Nb6 7.Bb3 d5 8.Ne2 Bf5
9.O-O e6 10.Ng3 Bg6 11.Nc3 Be7 12.f4 O-O 13.f5 exf5 14.Nxf5 Bxf5 15.Rxf5 Nc6
16.Bc2 Nb4 17.Bb1 g6 18.Rf1 Bg5 19.Qg4 Bxc1 20.Rxc1 Nc6 21.a3 Rc8 22.Ba2 Nc4
23.Nxd5 Qxd5 24.Rxc4 Rcd8 25.Rb4 Qd7 26.e6 Qc7 27.exf7+ Kg7 28.Rc4 Qb6 29.b4 Ne5
30.Qe2 Nxc4 31.Qxc4 Qxd4+ 32.Qxd4+ Rxd4 33.h3 Rfd8 34.Bb3 Rd3 35.Rb1 Rc3
36.a4 Kf8 37.Kh2 Rd4 38.Be6 Re3 39.Bc8 Re7 40.a5 Rxf7 41.b5 Rc7 42.Bg4 Ra4
43.b6 axb6 44.axb6 Rf7 45.Rb2 Ra6 46.Be2 Ra5 47.Rc2 Re5 48.Rb2 Rf2  0-1

[Event "Australian Open 2013"]
[Site "Cammeray AUS"]
[Date "2013.01.10"]
[Round "8.26"]
[White "Bishop,Joshua"]
[Black "Charles,Ga"]
[Result "0-1"]
[WhiteElo "1835"]
[BlackElo "2159"]

1.e4 c5 2.c3 Nf6 3.e5 Nd5 4.d4 cxd4 5.Nf3 e6 6.cxd4 d6 7.Bd3 Nc6 8.O-O dxe5
9.dxe5 Ndb4 10.Be4 Qxd1 11.Rxd1 Bd7 12.a3 Na6 13.b4 Nc7 14.Nc3 Be7 15.Be3 h6
16.Rd2 O-O-O 17.Rb1 f5 18.exf6 Bxf6 19.Rc2 Bxc3 20.Rxc3 Nb5 21.Rc5 Nd6 22.Bd3 b6
23.Ba6+ Kb8 24.Bf4 bxc5 25.Bxd6+ Ka8 26.bxc5 Bc8 27.Bd3 Bb7 28.Rxb7 Kxb7
29.Be4 Rxd6 30.cxd6 Rd8 31.Ne5 Rxd6 32.Kf1 Kc7 33.Nxc6 Rxc6 34.Bxc6 Kxc6
35.Ke2 Kb5 36.Kd3 Ka4 37.Ke4 Kxa3 38.Ke5 a5 39.Kxe6 Kb4 40.Kf7 g5 41.Kg6 a4
42.Kxh6 a3 43.Kxg5 a2 44.f4 a1=Q 45.g4 Qg7+ 46.Kh4 Qh6+ 47.Kg3 Kc4 48.h4 Kd4  0-1

[Event "Prague Open A 2013"]
[Site "Prague CZE"]
[Date "2013.01.15"]
[Round "8.7"]
[White "Gajic,Ml"]
[Black "Sergeev,Vl"]
[Result "1-0"]
[WhiteElo "2278"]
[BlackElo "2469"]

1.e4 c5 2.c3 Nf6 3.e5 Nd5 4.Bc4 e6 5.Nf3 Nb6 6.Bb3 d6 7.exd6 Bxd6 8.d4 cxd4
9.Nxd4 a6 10.O-O O-O 11.Qh5 N8d7 12.Re1 Nc5 13.Bc2 g6 14.Qh6 Re8 15.Bg5 Qc7
16.Nd2 Bf8 17.Qh4 Bg7 18.Nf5 gxf5 19.Bxf5 Nd5 20.c4 h6 21.Bxh6 Bxh6 22.Qxh6 Qf4
23.Qh7+ Kf8 24.cxd5 Qxf5 25.Qh8+ Ke7 26.Qd4 Nd7 27.dxe6 fxe6 28.Nc4 Rg8 29.Rad1 Qg4
30.Qd6+ Kf7 31.Ne3 Qg5 32.Qc7 Qd8 33.Qc2 Qg5 34.f4 Qf6 35.f5 e5 36.Qc4+ Kf8
37.Rd3 Qc6 38.Qb4+ Qc5 39.Qh4 Qe7 40.f6 Qf7 41.Qh6+ Ke8 42.Nf5 Qxf6 43.Qxf6 Nxf6
44.Rxe5+ Be6 45.Rxe6+ Kf7 46.Rb6 Rgd8 47.Rxb7+ Ke6 48.Ng7+ Ke5 49.Re7+ Kf4
50.Rf3+  1-0

[Event "Dvorkovich Mem 2013"]
[Site "Taganrog RUS"]
[Date "2013.01.16"]
[Round "2.13"]
[White "Idzhilova,Lidia"]
[Black "Belous,V"]
[Result "0-1"]
[WhiteElo "1698"]
[BlackElo "2554"]

1.e4 c5 2.c3 Nf6 3.e5 Nd5 4.d4 cxd4 5.Qxd4 e6 6.Nf3 Nc6 7.Qe4 f5 8.exf6 Nxf6
9.Qh4 Be7 10.Bd3 d6 11.Bg6+ Kd7 12.Bc2 h6 13.O-O g5 14.Qa4 Kc7 15.Bd2 Bd7
16.Qc4 e5 17.Na3 Rc8 18.Qe2 Kb8 19.Rfd1 Qg8 20.Be1 Nh5 21.Bb3 Qg6 22.Bc2 Qf6
23.Nc4 Nf4 24.Qf1 Bg4 25.h3 Nxh3+ 26.gxh3 Bxf3 27.Rd2 g4 28.Bd1 Rhg8 29.Bxf3 gxh3+
30.Bg2 hxg2 31.Qxg2 Qf3 32.Ne3 Rxg2+ 33.Nxg2 Rg8 34.Kf1 Rxg2 35.Rad1 Rh2
36.Rxd6 Rh1+  0-1

[Event "38th Seville Open"]
[Site "Seville ESP"]
[Date "2013.01.17"]
[Round "7.12"]
[White "Sanchez Romero,M"]
[Black "Lalic,B"]
[Result "0-1"]
[WhiteElo "2229"]
[BlackElo "2484"]

1.e4 c5 2.c3 Nf6 3.e5 Nd5 4.Bc4 e6 5.d4 d6 6.Nf3 cxd4 7.cxd4 Nc6 8.O-O Be7
9.Bd2 O-O 10.Nc3 Nxc3 11.Bxc3 dxe5 12.dxe5 Bd7 13.Qe2 Qc7 14.Bd3 Rfd8 15.Rac1 Be8
16.h4 Qb6 17.Ng5 h6 18.Qe4 g6 19.Nf3 Nb4 20.Bb1 h5 21.Bd4 Qb5 22.a4 Qxa4
23.Bc5 Bxc5 24.Rxc5 Rd1 25.Rxd1 Qxd1+ 26.Kh2 Nd5 27.Bc2 Qf1 28.Kg3 Rd8 29.Bd3 Qa1
30.Qd4 Bc6 31.Ng5 Qd1 32.Nxf7 Rf8 33.Ng5 Rf4  0-1

[Event "5th Chennai Open 2013"]
[Site "Chennai IND"]
[Date "2013.01.19"]
[Round "7"]
[White "Deviatkin,A"]
[Black "Aravindh,Chithambaram VR."]
[Result "1-0"]
[WhiteElo "2569"]
[BlackElo "2342"]

1.e4 c5 2.c3 Nf6 3.e5 Nd5 4.d4 cxd4 5.Qxd4 e6 6.Bd3 Nc6 7.Qe4 d6 8.exd6 Nf6
9.Qe2 Bxd6 10.Nf3 h6 11.Nbd2 O-O 12.O-O Nd5 13.Nc4 Bb8 14.g3 e5 15.Rd1 Qe7
16.Nh4 Nf4 17.Bxf4 exf4 18.Qxe7 Nxe7 19.Be4 f5 20.Bc2 Be6 21.Re1 Bxc4 22.Rxe7 fxg3
23.hxg3 f4 24.Ng6 fxg3 25.Nxf8 gxf2+ 26.Kxf2 Kxf8 27.Rxb7 Bd6 28.Bb3 Bxb3
29.axb3 Re8 30.b4 Bf4 31.Kf3 g5 32.Kg4  1-0

[Event "e2e4 Chester Open"]
[Site "Chester ENG"]
[Date "2013.01.19"]
[Round "2"]
[White "Olbison,Philip J"]
[Black "Truman,R"]
[Result "0-1"]
[WhiteElo "2050"]
[BlackElo "1935"]

1.e4 c5 2.c3 Nf6 3.e5 Nd5 4.d4 cxd4 5.cxd4 e6 6.Nf3 d6 7.Bd3 Nb4 8.Bb5+ Bd7
9.Bxd7+ Qxd7 10.O-O N8c6 11.Qe2 Be7 12.Nc3 O-O 13.Rd1 Nd5 14.Ne4 Rac8 15.a3 Na5
16.Nfg5 dxe5 17.dxe5 Qc7 18.f4 Nb3 19.Rb1 h6 20.Nh3 Nxc1 21.Rbxc1 Qxc1 22.Rxc1 Rxc1+
23.Kf2 Rfc8 24.g3 R8c2 25.Nd2 Rxb2 26.Ng1 Bc5+ 27.Kf3 Bxg1 28.Qd3 Rc3  0-1

[Event "Kislovodsk Open 2013"]
[Site "Kislovodsk RUS"]
[Date "2013.01.19"]
[Round "5"]
[White "Badalyan,Vazgen"]
[Black "Beglaryan,Araik"]
[Result "1/2-1/2"]
[WhiteElo "1911"]
[BlackElo "2123"]

1.e4 c5 2.c3 Nf6 3.e5 Nd5 4.d4 cxd4 5.Nf3 Nc6 6.cxd4 d6 7.Bc4 Nb6 8.Bb5 Bd7
9.Nc3 a6 10.Be2 Bg4 11.Bf4 d5 12.O-O Bxf3 13.Bxf3 e6 14.Be3 Be7 15.Be2 O-O
16.f4 f5 17.g4 g6 18.gxf5 gxf5 19.Kh1 Kh8 20.Rg1 Bb4 21.Rc1 Bxc3 22.Rxc3 Rc8
23.b3 Nb4 24.Rxc8 Qxc8 25.Qd2 Nc6 26.Bh5 Qd8 27.Qf2 Na8 28.Bc1 Nc7 29.Ba3 Rg8
30.Rxg8+ Qxg8 31.Bc5 Nb5 32.a4 Nc3 33.Qh4 Ne4 34.b4 b6 35.Bxb6 Nxb4 36.Bd8 Nf2+
37.Qxf2 Qxd8 38.Qd2 a5 39.Be2 Qc7 40.Qe1 Nc6 41.Qh4 Nxd4 42.Qf6+ Kg8 43.Bb5 Qc1+
44.Kg2 Qd2+ 45.Kh1 Qe1+ 46.Kg2 Qe4+ 47.Kg1 Qe1+ 48.Kg2 Qd2+ 49.Kh1 Qxf4 50.Qd8+ Kg7
51.Qf6+ Kg8 52.Qd8+ Kf7 53.Qf6+  1/2-1/2

[Event "5th Chennai Open 2013"]
[Site "Chennai IND"]
[Date "2013.01.22"]
[Round "10"]
[White "Yohan,J"]
[Black "Jayakumar,A"]
[Result "1-0"]
[WhiteElo "2091"]
[BlackElo "2280"]

1.e4 c5 2.c3 Nf6 3.e5 Nd5 4.d4 cxd4 5.Nf3 Nc6 6.cxd4 d6 7.Bc4 Nb6 8.Bxf7+ Kxf7
9.e6+ Kg8 10.d5 Ne5 11.Nxe5 dxe5 12.Nc3 h6 13.Qf3 Kh7 14.h4 Rg8 15.Ne4 Kh8
16.Ng5 Qe8 17.Nf7+ Kh7 18.h5 g6 19.hxg6+ Rxg6 20.Qf5 Qxf7 21.Qxf7+ Bg7 22.Bxh6 Rxh6
23.Rxh6+ Kxh6 24.Ke2 Bf6 25.Rh1+ Kg5 26.Qh5+ Kf4  1-0

[Event "Marianske Lazne GM 2013"]
[Site "Marianske Lazne CZE"]
[Date "2013.01.23"]
[Round "6.5"]
[White "Pisk,P"]
[Black "Kargin,A"]
[Result "0-1"]
[WhiteElo "2389"]
[BlackElo "2417"]

1.e4 c5 2.c3 Nf6 3.e5 Nd5 4.Nf3 e6 5.d4 cxd4 6.cxd4 d6 7.Bd3 dxe5 8.Nxe5 Nc6
9.Nxc6 bxc6 10.Nc3 Qb6 11.O-O Be7 12.Be3 Qxb2 13.Nxd5 exd5 14.Rb1 Qxa2 15.Qh5 Qa3
16.Rfd1 g6 17.Qh6 Bf8 18.Qh4 Bg7 19.Bc1 Qa4 20.Re1+ Be6 21.Rxe6+ fxe6 22.Qf4 e5
23.Qf3 Qxd4 24.Ba3 Qf4 25.Qh3 Qf7 26.Ba6 Qf5 27.Qb3 Rd8 28.Bb7 Bf8 29.Bxc6+ Kf7
30.Qb7+ Kf6 31.Bc1 Bc5 32.Bh6 Rhg8 33.Rc1 Rb8 34.Qc7 Rb1  0-1

[Event "Dvorkovich Mem 2013"]
[Site "Taganrog RUS"]
[Date "2013.01.23"]
[Round "9.24"]
[White "Sipetin,Vladislav"]
[Black "Golubov,Saveliy"]
[Result "0-1"]
[WhiteElo "2058"]
[BlackElo "2227"]

1.e4 c5 2.c3 Nf6 3.d3 Nc6 4.Nf3 Qc7 5.g3 d5 6.Nbd2 e5 7.Bg2 d4 8.O-O Bg4
9.Qc2 Be7 10.Re1 Rd8 11.Bf1 O-O 12.h3 Bc8 13.Kh2 Be6 14.Ng1 Nd7 15.Be2 Nb6
16.Rf1 dxc3 17.bxc3 c4 18.Nxc4 Nxc4 19.dxc4 Na5 20.f4 Bxc4 21.fxe5 Bxe2 22.Nxe2 Nc6
23.Bf4 Nxe5 24.Nd4 Bf6 25.Nf3 Nxf3+ 26.Rxf3 Qc6 27.Raf1 Rde8 28.Rc1 b5 29.Re3 g5
30.Rg1 Kh8 31.e5 gxf4 32.gxf4 Be7 33.Reg3 Rg8 34.f5 Rxg3 35.Rxg3 Bh4 36.Rg4 Rxe5
37.Rxh4 Qf3  0-1

[Event "Marianske Lazne IM 2013"]
[Site "Marianske Lazne CZE"]
[Date "2013.01.25"]
[Round "8.4"]
[White "Varitski,I"]
[Black "Pacher,M"]
[Result "0-1"]
[WhiteElo "2289"]
[BlackElo "2436"]

1.e4 c5 2.c3 Nf6 3.Bd3 Nc6 4.Nf3 g6 5.O-O Bg7 6.Re1 O-O 7.Bf1 e5 8.d4 cxd4
9.cxd4 exd4 10.Nxd4 Nxd4 11.Qxd4 Re8 12.e5 d6 13.Rd1 Ng4 14.Bf4 Nxe5 15.Qd2 Bg4
16.Re1 d5 17.Nc3 Nc4 18.Bxc4 dxc4 19.Rxe8+ Qxe8 20.Qd5 b5 21.Nxb5 Bxb2 22.Nd6 Rd8
23.Rf1 Qe6 24.Qc5 Bf6 25.h3 Bf5 26.Nxf5 Qxf5 27.Qxf5 gxf5 28.Rc1 c3 29.Kf1 Rd4
30.Bh6 Rh4 31.Be3 Ra4 32.Bh6 Be5 33.Rc2 f4 34.Ke2 f6 35.Kf3 Rb4 36.Rc1 Kf7
37.g3 fxg3 38.fxg3 Rb2 39.Bf4 c2 40.Bxe5 fxe5 41.a4 Ke6 42.Ke4 Rb4+ 43.Kd3 Rb3+
44.Ke4 Rc3 45.g4 Rc4+ 46.Kd3 Kd5 47.g5 e4+ 48.Ke3 Rc3+ 49.Kd2 Kd4 50.h4 e3+
51.Ke2 Kc4  0-1

[Event "Marianske Lazne IM 2013"]
[Site "Marianske Lazne CZE"]
[Date "2013.01.25"]
[Round "8.4"]
[White "Varitski,I"]
[Black "Pacher,M"]
[Result "0-1"]
[WhiteElo "2289"]
[BlackElo "2436"]

1.e4 c5 2.c3 Nf6 3.Bd3 Nc6 4.Nf3 g6 5.O-O Bg7 6.Re1 O-O 7.Bf1 e5 8.d4 cxd4
9.cxd4 exd4 10.Nxd4 Nxd4 11.Qxd4 Re8 12.e5 d6 13.Rd1 Ng4 14.Bf4 Nxe5 15.Qd2 Bg4
16.Re1 d5 17.Nc3 Nc4 18.Bxc4 dxc4 19.Rxe8+ Qxe8 20.Qd5 b5 21.Nxb5 Bxb2 22.Nd6 Rd8
23.Rf1 Qe6 24.Qc5 Bf6 25.h3 Bf5 26.Nxf5 Qxf5 27.Qxf5 gxf5 28.Rc1 c3 29.Kf1 Rd4
30.Bh6 Rh4 31.Be3 Ra4 32.Bh6 Be5 33.Rc2 f4 34.Ke2 f6 35.Kf3 Rb4 36.Rc1 Kf7
37.g3 fxg3 38.fxg3 Rb2 39.Bf4 c2 40.Bxe5 fxe5 41.a4 Ke6 42.Ke4 Rb4+ 43.Kd3 Rb3+
44.Ke4 Rc3 45.g4 Rc4+ 46.Kd3  0-1

[Event "6th Gora Sw Anny OpA"]
[Site "Gora Swietej Anny POL"]
[Date "2013.01.26"]
[Round "2.8"]
[White "Dmochowska,A"]
[Black "Kveinys,A"]
[Result "0-1"]
[WhiteElo "1783"]
[BlackElo "2527"]

1.e4 c5 2.c3 Nf6 3.e5 Nd5 4.d4 cxd4 5.Nf3 e6 6.cxd4 d6 7.Bc4 Nc6 8.exd6 Qxd6
9.Nc3 Be7 10.O-O O-O 11.Re1 Rd8 12.Ne4 Qc7 13.Bb3 b6 14.Be3 Bb7 15.Rc1 Rac8
16.Bc2 h6 17.Bb1 Qd7 18.Nc3 Nf6 19.Qd2 Bf8 20.Rcd1 Nd5 21.Qd3 g6 22.Qd2 Nxe3
23.Qxe3 Bg7 24.d5 exd5 25.Rxd5 Qg4 26.h3 Qb4 27.Rb5 Qc4 28.Qe4 Nd4  0-1

[Event "15th Nord-West Cup"]
[Site "Bad Zwischenahn GER"]
[Date "2013.01.27"]
[Round "6.13"]
[White "Jesse,I"]
[Black "Zschischang,G"]
[Result "1-0"]
[WhiteElo "2316"]
[BlackElo "2182"]

1.e4 c5 2.c3 Nf6 3.e5 Nd5 4.Nf3 e6 5.d4 cxd4 6.cxd4 d6 7.a3 Bd7 8.Bd3 Bc6
9.O-O Nd7 10.b4 a6 11.Re1 Be7 12.Nbd2 dxe5 13.dxe5 Nc3 14.Qc2 Rc8 15.Qxc3 Bxf3
16.Qd4 Bd5 17.Qg4 O-O 18.Nf3 f5 19.exf6 Nxf6 20.Qh3 Bxf3 21.Qxf3 Rc3 22.Rd1 Qd5
23.Qe2 Qh5 24.Qxe6+ Rf7 25.Be2 Qh4 26.g3 Qe4 27.Qxe4 Nxe4 28.Be3 Bf6 29.Bd4 Rc2
30.Bd3 Bxd4 31.Bxe4  1-0

[Event "TCh-HUN 2012-13"]
[Site "Szombathely HUN"]
[Date "2013.01.27"]
[Round "6"]
[White "Trbojevic,M"]
[Black "Videki,S"]
[Result "1/2-1/2"]
[WhiteElo "2329"]
[BlackElo "2429"]

1.e4 c5 2.c3 Nf6 3.e5 Nd5 4.Nf3 Nc6 5.Bc4 Nb6 6.Bb3 c4 7.Bc2 Qc7 8.Qe2 g5
9.e6 dxe6 10.Nxg5 Qe5 11.d4 cxd3 12.Bxd3 Qxe2+ 13.Bxe2 Bg7 14.Nd2 O-O 15.Nc4 Nd5
16.O-O b5 17.Ne3 b4 18.Bf3 bxc3 19.Nxd5 exd5 20.Bxd5 Ba6 21.Bxc6 Rac8 22.Bb7 Bxf1
23.Bxc8 Rxc8 24.Kxf1 cxb2 25.Bxb2 Bxb2 26.Rd1 a5 27.Nf3 a4 28.Ke2 Kf8 29.Ne1 Be5
30.g3 Bd6 31.Kd3 Bb4 32.Rb1 Ba5 33.Ke3 Rc6 34.Nd3 Bb6+ 35.Kd2 Ba5+ 36.Ke3 Re6+
37.Kf3 Rf6+ 38.Ke2 Re6+ 39.Kf3  1/2-1/2

[Event "6th Gora Sw Anny OpA"]
[Site "Gora Swietej Anny POL"]
[Date "2013.01.29"]
[Round "5.11"]
[White "Dmochowska,A"]
[Black "Szotkowski,J"]
[Result "0-1"]
[WhiteElo "1783"]
[BlackElo "2131"]

1.e4 c5 2.c3 Nf6 3.e5 Nd5 4.d4 cxd4 5.Nf3 e6 6.cxd4 b6 7.Nc3 Bb7 8.Bd3 Be7
9.O-O f5 10.exf6 Nxf6 11.Ng5 O-O 12.Qc2 h6 13.Nh7 Nxh7 14.Bxh7+ Kh8 15.Ne2 Bd6
16.Ng3 Nc6 17.Be3 Rc8 18.Qb1 Nb4 19.a3 Nd5 20.Ne4 Bxh2+ 21.Kxh2 Nxe3 22.fxe3 Rxf1
23.Qxf1 Bxe4 24.Bxe4 Qh4+ 25.Kg1 Qxe4 26.Re1 d5 27.Re2 Kh7 28.Qf7 Rc1+ 29.Kf2 Qh4+
30.g3 Qh2+  0-1

[Event "18th HIT Open A 2013"]
[Site "Nova Gorica SLO"]
[Date "2013.01.30"]
[Round "8.17"]
[White "Skok,J"]
[Black "Belardinelli,F"]
[Result "0-1"]
[WhiteElo "2047"]
[BlackElo "1905"]

1.e4 c5 2.c3 Nf6 3.e5 Nd5 4.Nf3 Nc6 5.Bc4 Nb6 6.Bb3 c4 7.Bc2 g6 8.O-O Bg7
9.Re1 O-O 10.d4 cxd3 11.Qxd3 d6 12.exd6 exd6 13.Bf4 Bf5 14.Qd1 Bxc2 15.Qxc2 Rc8
16.Qd3 Ne5 17.Bxe5 dxe5 18.Qe4 f5 19.Qxb7 Rf7 20.Qa6 e4 21.Nfd2 Rc6 22.Qe2 Rd7
23.Nf1 Nc4 24.Ne3 Ne5 25.Rd1 Nd3 26.Na3 Rcd6 27.Nac4 Re6 28.g3 Qg5 29.h4 Qf6
30.f4 h6 31.Rf1 Qd8 32.Rad1 Rc6 33.Qc2 Qc7 34.b3 Bf8 35.Kg2 Bc5 36.Kh2 Bxe3
37.Nxe3 Rxc3 38.Qd2 Ne5 39.Qb2 Ng4+ 40.Kh3 Rxe3 41.Rc1 Qd8 42.Qc2 Rxg3+ 43.Kxg3 Rd3+  0-1

[Event "ch-TUR 2013"]
[Site "Antalya TUR"]
[Date "2013.02.03"]
[Round "2.19"]
[White "Ozturk,H"]
[Black "Demir,G"]
[Result "0-1"]
[WhiteElo "1844"]
[BlackElo "2231"]

1.e4 c5 2.c3 Nf6 3.e5 Nd5 4.d4 cxd4 5.Nf3 d6 6.Bc4 e6 7.cxd4 Nc6 8.O-O Be7
9.Qe2 O-O 10.Nc3 Nb6 11.Bb3 d5 12.a3 Bd7 13.Bc2 f5 14.Kh1 Rc8 15.Qd3 Be8
16.Rg1 Bg6 17.Bf4 a6 18.Qd2 Nc4 19.Qc1 Bh5 20.b3 Nxa3 21.Rxa3 Bxa3 22.Qxa3 Bxf3
23.gxf3 Nxd4 24.Qb2 Nxc2 25.Qxc2 d4 26.Rd1 Rxc3  0-1

[Event "ch-TUR 2013"]
[Site "Antalya TUR"]
[Date "2013.02.03"]
[Round "3.18"]
[White "Gokerkan,Cem Kaan"]
[Black "Metin,M"]
[Result "1-0"]
[WhiteElo "1908"]
[BlackElo "2239"]

1.e4 c5 2.c3 Nf6 3.e5 Nd5 4.d4 cxd4 5.Nf3 Nc6 6.cxd4 d6 7.Bc4 Nb6 8.Bb5 dxe5
9.Nxe5 Bd7 10.Nxd7 Qxd7 11.Nc3 e6 12.O-O Be7 13.Qg4 Bf6 14.Rd1 Nd5 15.Ne4 Qe7
16.Rd3 Rc8 17.Bd2 a6 18.Ba4 b5 19.Bb3 O-O 20.Rh3 g6 21.Re1 Rfd8 22.Ng5 h5
23.Qg3 Bg7 24.Bd1 Nxd4 25.Bxh5 Nf5 26.Qf3 Nf6 27.Bxg6 fxg6 28.Qb3 Nd4 29.Qd3 Nf3+
30.Qxf3 Rxd2 31.Qb3 Rc6 32.Rhe3 Rdd6 33.Nxe6 Qf7 34.h3 a5 35.a4 bxa4 36.Qb8+ Bf8
37.Nxf8 Qxf8 38.Re8 Nxe8 39.Rxe8 Qxe8 40.Qxe8+ Kg7 41.Qe5+ Kh7 42.Qxa5 Ra6
43.Qc7+ Kg8 44.h4 Rdc6 45.Qd8+ Kf7 46.g3 Rd6 47.Qc7+ Ke6 48.Qc4+ Ke5 49.Kg2 Rdc6
50.Qd3 Rd6 51.Qc3+ Kd5 52.g4 Rdc6 53.Qd3+ Kc5 54.f3 Kb4 55.Qa3+ Kb5 56.Kg3 Rd6
57.Qe3 Rac6 58.g5 Kb4 59.Qa3+ Kb5 60.b3 axb3 61.Qxb3+ Kc5 62.Qe3+ Kb4 63.Kg4 Rc4+
64.f4 Rdd4 65.Qe7+ Kc3 66.Qf6 Kd2 67.Qe5 Re4 68.Qa5+ Ke2 69.Qa2+ Ke3 70.Qb3+ Kd2
71.Qf3 Rcd4 72.Qf2+ Kd3 73.Qf3+ Kd2 74.h5 gxh5+ 75.Kf5 h4 76.Qf2+ Kd3 77.Qxh4 Rd5+
78.Kg4 Rdd4 79.Qh3+ Re3 80.Qf1+ Ke4 81.g6 Rdd3 82.Qg2+ Kd4 83.g7 Re8 84.Qb2+ Ke3
85.Qb6+ Kd2 86.Qa5+ Ke2 87.Qa2+  1-0

[Event "TCh-AUT 2 East 2012-13"]
[Site "Austria AUT"]
[Date "2013.02.03"]
[Round "7.1"]
[White "Penz,H"]
[Black "Stohl,I"]
[Result "1/2-1/2"]
[WhiteElo "2311"]
[BlackElo "2518"]

1.e4 c5 2.c3 Nf6 3.e5 Nd5 4.Bc4 Nb6 5.Bb3 c4 6.Bc2 Nc6 7.Nf3 d6 8.exd6 Qxd6
9.O-O Bg4 10.h3 Bh5 11.Qe2 Bg6 12.Bxg6 hxg6 13.b3 cxb3 14.axb3 e6 15.Na3 Be7
16.Nb5 Qd7 17.Ba3 a6 18.Bxe7 Qxe7 19.Nbd4 Nxd4 20.Nxd4 O-O 21.Rfe1 Rac8 22.Ra5 Rfd8
23.Qe4 Rc7 24.Nf3 Nd7 25.b4 Nf6 26.Qh4 Nh7 27.Qxe7 Rxe7 28.b5 axb5 29.Rxb5 f6
30.Nd4 e5 31.f4 e4 32.Kf2 f5 33.Reb1 Rdd7 34.R1b2 Nf6 35.g3 Nd5 36.Ke2 e3
37.R2b3 exd2+  1/2-1/2

[Event "ch-TUR 2013"]
[Site "Antalya TUR"]
[Date "2013.02.05"]
[Round "6.21"]
[White "Celebi,O"]
[Black "Metin,M"]
[Result "0-1"]
[WhiteElo "1909"]
[BlackElo "2239"]

1.e4 c5 2.c3 Nf6 3.e5 Nd5 4.d4 cxd4 5.Nf3 Nc6 6.cxd4 d6 7.Bc4 Nb6 8.Bb5 dxe5
9.Nxe5 Bd7 10.Nc3 Nxe5 11.dxe5 Bxb5 12.Nxb5 Qxd1+ 13.Kxd1 Rd8+ 14.Ke2 a6
15.Nc3 e6 16.Bg5 Be7 17.Bxe7 Kxe7 18.b3 Nd5 19.Nxd5+ Rxd5 20.f4 g5 21.g3 gxf4
22.gxf4 Rd4 23.Rhf1 Rc8 24.Rac1 Rxc1 25.Rxc1 Rxf4 26.Rc7+ Kf8 27.Rxb7 Re4+
28.Kd3 Rxe5 29.b4 Rb5 30.Ra7 Rxb4 31.Rxa6 Rh4 32.a4 Rxh2 33.a5 h5 34.Kc4 h4
35.Rd6 Ra2 36.Kb5 h3 37.a6 h2 38.Rd1 e5 39.Kb6 e4 40.a7 e3 41.Rh1 e2 42.Kb7 f5
43.Rxh2 e1=Q 44.Rxa2 Qb1+  0-1

[Event "ch-TUR 2013"]
[Site "Antalya TUR"]
[Date "2013.02.05"]
[Round "6.22"]
[White "Gokerkan,Cem Kaan"]
[Black "Turkoglu,C"]
[Result "1-0"]
[WhiteElo "1908"]
[BlackElo "2165"]

1.e4 c5 2.c3 Nf6 3.e5 Nd5 4.d4 cxd4 5.Nf3 e6 6.cxd4 d6 7.a3 Nc6 8.Bd3 Bd7
9.O-O Qb6 10.Be4 O-O-O 11.Bxd5 exd5 12.Nc3 Be6 13.Na4 Qb5 14.Bf4 Bg4 15.Nc3 Qc4
16.Rc1 Kb8 17.Ne2 Qa6 18.Rc3 f6 19.exf6 gxf6 20.h3 Bd7 21.Nc1 Na5 22.Nd3 Ka8
23.Nb4 Qb5 24.Qc2 Nc6 25.Rc1 a6 26.Nxc6 Bxc6 27.Ne1 Be7 28.Nd3 Rc8 29.a4 Qb6
30.Be3 Ka7 31.b4 Bd7 32.Qb3 Rxc3 33.Rxc3 Kb8 34.Nf4 Bd8 35.Nxd5 Be6 36.Nxb6 Bxb3
37.Nd7+ Ka7 38.Rxb3 b6  1-0

[Event "ch-TUR 2013"]
[Site "Antalya TUR"]
[Date "2013.02.05"]
[Round "6.74"]
[White "Nailer,Ali"]
[Black "Cakmak,Hayri"]
[Result "1-0"]
[WhiteElo "1878"]
[BlackElo "1710"]

1.e4 c5 2.c3 Nf6 3.e5 Nd5 4.d4 e6 5.Nf3 Nc6 6.c4 Nb6 7.d5 Nb4 8.d6 h6 9.Be3 Na6
10.a4 Rb8 11.Nc3 g6 12.Ne4 Bg7 13.Nxc5 Nb4 14.a5 Na8 15.Nd3 Nxd3+ 16.Bxd3 b6
17.a6 g5 18.h3 O-O 19.Nxg5 hxg5 20.Qh5 Re8 21.Bxg5 f6 22.exf6 Bxf6 23.Qh7+ Kf8
24.Bh6+  1-0

[Event "Asian Zonal 3.2 2013"]
[Site "Thulhiriya City PHI"]
[Date "2013.02.05"]
[Round "4.5"]
[White "Weeramantry,S SRI"]
[Black "Kurukulasuriya,P"]
[Result "1/2-1/2"]
[WhiteElo "2118"]
[BlackElo "2071"]

1.e4 c5 2.c3 Nf6 3.e5 Nd5 4.d4 cxd4 5.Nf3 Nc6 6.cxd4 d6 7.Bc4 Nb6 8.Bb5 dxe5
9.Nxe5 Bd7 10.Bxc6 Bxc6 11.Nxc6 bxc6 12.O-O e6 13.Nc3 Be7 14.Qf3 O-O 15.Qxc6 Qxd4
16.Be3 Qc4 17.Qb7 Bc5 18.b3 Qb4 19.Bxc5 Qxc5 20.Rac1 Rfc8 21.g3 Rc7 22.Nb5 Rxb7
23.Rxc5 Nd7 24.Rc7 Rxc7 25.Nxc7 Rc8 26.Na6 Kf8 27.Rd1 Ke7 28.Rd2 Nb6 29.Nb4 a5
30.Nd3 Nd5 31.Kf1 Rc3 32.Ke2 h6 33.Nb2 Nb4 34.Nc4 a4 35.Rb2 Nd3 36.Rb1 axb3
37.axb3 Rxb3 38.Ra1 Nc5 39.Ra7+ Rb7 40.Ra8 Nd7 41.Rg8 g6 42.Rc8 h5 43.h3 Ra7
44.Ke3 e5 45.Rc6 Rb7 46.Na5 Ra7 47.Nc4 f6 48.h4 Rb7 49.Ke2 Rb5 50.Ne3 Rb2+
51.Kf3 Rb3 52.Ke4 Rb4+ 53.Kf3 Rd4 54.Nc2 Rd6 55.Rc8 Nf8 56.Rc7+ Rd7 57.Rxd7+ Nxd7
58.g4 Ke6 59.gxh5 gxh5 60.Nb4 Nc5 61.Nc6 Nb3 62.Nd8+ Kf5 63.Nf7 Nd4+ 64.Kg3 Ke6
65.Nd8+ Kd5 66.f3 Nf5+ 67.Kh3 Nd6 68.Kg3 f5 69.Kf2 f4 70.Kg2 e4 71.fxe4+ Kxe4
72.Nb7 Nf5 73.Kh3 Ke3 74.Na5 Nd6 75.Nc6 Nc4 76.Ne7 Nd6 77.Nd5+ Ke4 78.Nf6+ Kf5
79.Nxh5 Ne4 80.Kg2 Kg4 81.Nxf4  1/2-1/2